000 00804nam a2200181Ia 4500
008 151202s9999||||xx |||||||||||||| ||und||
082 _bPNVM-70224
100 _aहिवरगावकर ब.रा./पुनर्लेखन- भावे ह.अ.
245 _aकौटिलीय अर्थशास्त्र.
260 _b"वरदा बुक्स, पुणे."
260 _c70224
300 _a580
600 _aहिवरगावकर ब.रा./पुनर्लेखन- भावे ह.अ.
630 _aकौटिलीय अर्थशास्त्र.
700 _aहिवरगावकर ब.रा./पुनर्लेखन- भावे ह.अ.
730 _aकौटिलीय अर्थशास्त्र.
942 _cBOOK
999 _c1336734
_d1336731